[Event "Stockholm op"]
[Site "Stockholm"]
[Date "2017.08.21"]
[Round "9"]
[White "Danielsson, Albin"]
[Black "Ask, Josef"]
[Result "0-1"]
[WhiteElo "1771"]
[BlackElo "2174"]
[PlyCount "52"]
[EventDate "2017.08.15"]
[EventType "swiss"]
[EventRounds "9"]
[EventCountry "SWE"]
[SourceTitle "CBM 180 Extra"]
[Source "ChessBase"]
[SourceDate "2017.10.06"]
[SourceVersion "1"]
[SourceVersionDate "2017.10.06"]
[SourceQuality "1"]

1. d4 Nf6 2. c4 g6 3. Nc3 Bg7 4. e4 d6 5. f3 0-0 6. Be3 Nc6 7. Nge2 a6 8. Rc1 Bd7 9. Qd2 e5 10. g3 exd4 11. Nxd4 Ne5 12. Kf2 Re8 13. Nce2 c5 14. Nb3 Nxf3 15. Kxf3 Nxe4 16. Qd3 Bc6 17. Bg2 Nf6+ 18. Kf2 Ng4+ 19. Kg1 Rxe3 20. Qd2 Bxg2 21. Kxg2 Qe7 22. Rc2 Qe4+ 23. Kg1 Re8 24. Nbc1 Qf3 25. Qe1 Bd4 26. Qf2 Qxf2# 0-1